[Event "Vienna Open Ch"]
[Site "Vienna AUT"]
[Date "2011.08.20"]
[Round "8.1"]
[White "Ulibin, Mikhail"]
[Black "Shengelia, Davit"]
[Result "1/2-1/2"]
[WhiteElo "2538"]
[BlackElo "2513"]
[Annotator "Müller,Karsten"]
[PlyCount "133"]
[EventDate "2011.08.13"]
[EventType "swiss"]
[EventRounds "9"]
[EventCountry "AUT"]
[Source "Chess Today"]
[SourceDate "2011.08.21"]

1. e4 c5 2. Nf3 e6 3. c3 Nf6 4. e5 Nd5 5. d4 cxd4 6. cxd4 b6 7. Nc3 Nxc3 8.
bxc3 Qc7 9. Bd2 d6 10. Bb5+ Bd7 11. a4 Nc6 12. Ng5 Be7 13. Qh5 Bxg5 14. Qxg5
Kf8 15. exd6 Qxd6 16. O-O f6 17. Qh4 Ne7 18. Bf4 Qd5 19. c4 Qb7 20. Bd6 Kf7 21.
Bxe7 Kxe7 22. Rfe1 Kf7 23. Qh5+ g6 24. Qh3 Rad8 25. Ra3 Kg7 26. Bxd7 Qxd7 27.
Rxe6 Rhe8 28. Rxe8 Qxe8 29. Re3 Rxd4 30. Qf3 Qd7 31. h3 Rxc4 32. Qe2 Rc1+ 33.
Kh2 Qd6+ 34. g3 Qc6 35. Re7+ Kf8 36. Qe4 Qxe4 37. Rxe4 f5 38. Rh4 h5 39. Rd4
Ke7 40. g4 hxg4 41. hxg4 Ke6 42. Rb4 Kd6 43. gxf5 gxf5 44. Kg3 Rc5 45. Kf4 Kc6
46. Kg5 a6 47. Rh4 a5 48. Rh6+ Kb7 49. Rf6 Rc4 50. f4 Rxa4 51. Rxf5 Ra1 52.
Rf7+ Ka6 53. f5 a4 54. f6 Rf1 55. Re7 b5 56. f7 Ka5 57. Kg6 a3 58. Re8 Rg1+ $2
{This check only improves White's king.} ({Black's king must lead the forces:} 
58... Ka4 $1 59. f8=Q Rxf8 60. Rxf8 b4 ({After} 60... a2 $2 61. Ra8+ Kb3 62.
Kf5 {White's king is in time and a typical draw results:} b4 63. Ke4 Kb2 64.
Kd3 b3 (64... a1=Q 65. Rxa1 Kxa1 66. Kc4 $11) 65. Kc4 Kc2 66. Ra7 $11) 61. Ra8+
(61. Kf5 b3 62. Ke4 b2 63. Rb8 a2 $19) 61... Kb3 62. Kf5 Ka2 63. Ke4 b3 64. Kd3
b2 65. Rb8 b1=Q+ 66. Rxb1 Kxb1 $19 {[%cal Ga3a1]}) (58... b4 $2 59. Re5+ Ka4
60. Rf5 Rg1+ (60... Rxf5 $2 61. Kxf5 a2 62. f8=Q a1=Q 63. Qa8+ $18 {[%cal
Ga8a1]}) 61. Rg5 ({After} 61. Kf6 $2 {[%cal Ga1f6]} a2 62. f8=Q a1=Q+ {Black
wins in the resulting 4th phase of the game as he gives the first check and
his b-pawn provides shelter, e.g.} 63. Kf7 Qa2+ 64. Ke7 Re1+ 65. Kd8 Qe6 $19)
61... Rf1 62. Rf5 $11) (58... a2 $2 59. Ra8+ Kb4 60. Rxa2 $11) 59. Kf5 Rf1+ 60.
Ke6 Rxf7 61. Kxf7 b4 62. Ra8+ Kb5 63. Ke6 Kc4 64. Kd6 b3 65. Ra4+ (65. Rxa3 b2
66. Ra4+ Kb3 67. Ra8 b1=Q 68. Rb8+ $11) 65... Kc3 66. Rxa3 Kc2 67. Rxb3 1/2-1/2